000
00259nam a22001097a 4500
082
_a
669 DAR'P
100
_a
GURRY, R. W,DARKON, L. S
_9
77982
245
_a
PHYSICAL CHEMISTRY OF METALS
260
_a
NEWYORK
_b
MCGRAW HILL
_c
1953
300
_a
535P
942
_c
BK
999
_c
583146
_d
583146